| 000 | 00410pab a2200145 454500 | ||
|---|---|---|---|
| 008 | 180718b xxu||||| |||| 00| 0 eng d | ||
| 100 | _aSrivastava J.P. | ||
| 245 | _aTechnical education at PG level | ||
| 362 | _a32(48), 28 Nov 1994, p.8-9 | ||
| 650 | _a Professional Education -- India | ||
| 650 | _a Education -- India | ||
| 650 | _aTechnical Education -- India | ||
| 773 | _aUniversity News | ||
| 909 | _a28075 | ||
| 999 |
_c28075 _d28075 |
||